Statistiken für Pokemon Attacken der 6. Generation

Klicken Sie hier um das Quiz zu spielen!

Allgemein

  • Dieses Quiz wurde 22 mal gespielt
  • Das Durchschnittsergebnis liegt bei 41 aus 61

Antwortstatistiken

TypAttacke% Korrekt
WasserDampfschwall
100%
FeeFeenschloss
100%
GeistHalloween
100%
StahlKönigsschild
100%
FeeMondgewalt
100%
ElektroParabolladung
100%
BodenTausend Pfeile
100%
PflanzeWaldesfluch
100%
FeeZauberschein
100%
BodenBodengewalt
86%
FeeDiebeskuss
86%
Unlicht
Dimensionswahn
86%
Fee
Säuselstimme
86%
FeeFeenbrise
86%
FeeGeokontrolle
86%
UnlichtInvertigo
86%
FeeLux Calamitatis
86%
FeuerMagieflamme
86%
BodenTausend Wellen
86%
FlugUnheilsschwingen
86%
ElektroWangenrubbler
86%
GesteinDiamantsturm
71%
PsychoDimensionsloch
71%
FeeDuftwolke
71%
KampfFlying Press
71%
NormalHändchenhalten
71%
FeeKnuddler
71%
FeeKulleraugen
71%
KampfSteigerungshieb
71%
NormalÜberschallknall
71%
WasserWasser-Shuriken
71%
BodenAbgrundsklinge
57%
Normal
Goldene Zeiten
57%
FeeFloraschutz
57%
EisGefriertrockner
57%
GiftGiftfalle
57%
NormalKameradschaft
57%
KäferKlebenetz
57%
KäferPulverschleuder
57%
PflanzeSchutzstacheln
57%
KampfTatami-Schild
57%
WasserUrsprungswoge
57%
FlugZenitstürmer
57%
UnlichtAbgangstirade
43%
PflanzeBlütenwirbel
43%
Fee
Trickschutz
43%
NormalEhrentag
43%
ElektroElektrifizierung
43%
ElektroElektrofeld
43%
PflanzeGrasfeld
43%
NormalKampfgebrüll
43%
ElektroMagnetregler
43%
ElektroMystowellen
43%
FeeNebelfeld
43%
BodenPflüger
43%
GeistPhantomkraft
43%
KäferPlage
43%
GiftRülpser
43%
KäferStachelfinale
43%
NormalVertrauenssache
43%
NormalZurückhaltung
43%

Verteilung der Resultate

Perzentil nach korrekt beantworteten Fragen

Anzahl Personen mit jedem Resultat

Ihre Resultats-Entwicklung

Sie haben dieses Quiz noch nicht gespielt